| 000 | 00982nam a2200253Ia 4500 | ||
|---|---|---|---|
| 008 | 191130s2005##################000#0#eng## | ||
| 020 | _a9781403925039 | ||
| 022 | _a2005317356 | ||
| 040 |
_aACL _cACL |
||
| 082 | _a331.9 BHA | ||
| 245 |
_aWorkers in the informal sector : studies in labour history, 1800-2000 _ceditors, Sabyasachi Bhattacharya, Jan Lucassen |
||
| 260 |
_aDelhi _bMacmillan India Ltd., in association with South-South Exchange Programme for Research on the History of Development _cc2005 |
||
| 300 | _aviii, 220 p. ; 25 cm | ||
| 500 | _aIncludes bibliographical references and index | ||
| 650 | _aIncome distribution - India - Congresses | ||
| 650 | _aInformal sector (Economics) - India - Congresses | ||
| 650 | _aLabor supply - India - Congresses | ||
| 700 | _aBhattacharya, Sabyasachi | ||
| 700 | _aLucassen, Jan | ||
| 710 | _aSEPHIS (Programme : Netherlands) | ||
| 990 | _af778490fac10000c23dde2623bbdc97b | ||
| 991 | _a255987 | ||
| 999 |
_c98924 _d98924 |
||